000 00380pab a2200145 454500
008 180718b1999 xxu||||| |||| 00| 0 eng d
245 _aSPECIAL issue on rural labour relations in India
260 _c1999
300 _ap.1-354
362 _aJan-Apr
650 _aLabour relations - India
650 _aLabour relations
773 _aJournal of Peasant Studies
909 _a41333
999 _c41333
_d41333